Zdroje majetku ako súčasť predmetu účtovníctva bakalárska práca

Enregistré dans:
Détails bibliographiques
Auteur principal: Bunčáková, Lucia
Collectivité auteur: Fakulta hospodárskej informatiky EU. Katedra účtovníctva a audítorstva
Autres auteurs: Kordošová, Alena, 1970-
Format: Livre
Langue:slovaque
Publié: Bratislava 2009
Tags: Ajouter un tag
Pas de tags, Soyez le premier à ajouter un tag!

MARC

LEADER 00000nam$a2200000$$$4500
001 0101043
005 20240318135105.8
041 0 |a slo 
044 |a SK 
245 1 0 |a Zdroje majetku ako súčasť predmetu účtovníctva  |b bakalárska práca  |c Lucia Bunčáková ; škol. Alena Kordošová 
264 1 |a Bratislava  |c 2009 
300 |a 32 s. 
100 1 |a Bunčáková, Lucia 
700 1 |a Kordošová, Alena, 1970- 
710 2 |a Fakulta hospodárskej informatiky EU. Katedra účtovníctva a audítorstva